00816nam a2200253Ia 450000500170000000800410001702000270005804000190008504100120010408200130011610000180012924500350014726000420018230000140022450400190023863000210025765000210027865100130029985000100031294200070032299900150032995201100034495201080045420210907132954.0131103s9999 xx 000 0 und d a81-7156-808-4cRs. 350 aLoreto College aEnglish a320bJAY aJayapalan, N. aPolitical theorycN. Jayapalan aNew DelhibAtlantic Publisherscc1999 av,200 p.  aIncludes index aPolitical Theory aPoliical Science aPolitics aLCLIB cBK c305d50784 00102ddc4070aMAINbMAINd2013-11-04l1o320 JAY 41791pB17407r2015-02-16s2015-02-09w2013-11-04yBK 00102ddc4070aMAINbMAINd2013-11-04l4o320 JAY 41457pB314r2024-12-17s2024-12-11w2013-11-04yBK